Normal view MARC view

Entry Personal Name

Number of records used in: 1

001 - CONTROL NUMBER

  • control field: 1669

003 - CONTROL NUMBER IDENTIFIER

  • control field: DLC

005 - DATE AND TIME OF LATEST TRANSACTION

  • control field: 20200130144604.0

008 - FIXED-LENGTH DATA ELEMENTS

  • fixed length control field: 960919n| acannaab| |n ana |||

010 ## - LIBRARY OF CONGRESS CONTROL NUMBER

  • LC control number: n 96091411

040 ## - CATALOGING SOURCE

  • Original cataloging agency: DLC
  • Transcribing agency: DLC

100 10 - HEADING--PERSONAL NAME

  • Personal name: Snyder, Charles A.

670 ## - SOURCE DATA FOUND

  • Source citation: The management of telecommunications, c1997:
  • Information found: CIP t.p. (Charles A. Snyder; Auburn Univ.)

Powered by Koha